The Building (Scotland) Act 2003 (Commencement No. 1, Transitional Provisions and Savings) Order 2004 (Record no. 108325)

MARC details
000 -LEADER
fixed length control field 00869cad a22002295a 4500
001 - CONTROL NUMBER
control field E143971
008 - FIXED-LENGTH DATA ELEMENTS--GENERAL INFORMATION
fixed length control field 080610s2004 stk f 000 0 eng u
020 ## - INTERNATIONAL STANDARD BOOK NUMBER
International Standard Book Number 9780110692531
035 ## - SYSTEM CONTROL NUMBER
System control number (Sirsi) u143971
041 0# - LANGUAGE CODE
Language code of text/sound track or separate title eng
110 1# - MAIN ENTRY--CORPORATE NAME
Corporate name or jurisdiction name as entry element Scotland
Form subheading Laws, etc
245 04 - TITLE STATEMENT
Title The Building (Scotland) Act 2003 (Commencement No. 1, Transitional Provisions and Savings) Order 2004
Medium [electronic resource]
260 ## - PUBLICATION, DISTRIBUTION, ETC.
Place of publication, distribution, etc. London
Name of publisher, distributor, etc. TSO
Date of publication, distribution, etc. 2004
490 #0 - SERIES STATEMENT
Series statement SSI
Volume/sequential designation 2004: 404
520 ## - SUMMARY, ETC.
Summary, etc. Made 21 September 2004
650 24 - SUBJECT ADDED ENTRY--TOPICAL TERM
Topical term or geographic name entry element BUILDING (SCOTLAND) ACT 2003
650 24 - SUBJECT ADDED ENTRY--TOPICAL TERM
Topical term or geographic name entry element BUILDING (SCOTLAND) ACT 2003 (COMMENCEMENT NO. 1 TRANSITIONAL PROVISIONS AND SAVINGS) ORDER 2004
651 #4 - SUBJECT ADDED ENTRY--GEOGRAPHIC NAME
Geographic name Scotland
Chronological subdivision 1999-
690 ## - LOCAL SUBJECT ADDED ENTRY--TOPICAL TERM (OCLC, RLIN)
Topical term or geographic name as entry element BUILT ENVIRONMENT
856 40 - ELECTRONIC LOCATION AND ACCESS
Uniform Resource Identifier <a href="https://www.opsi.gov.uk/legislation/scotland/ssi2004/20040404.htm">https://www.opsi.gov.uk/legislation/scotland/ssi2004/20040404.htm</a>
Public note View the item free of charge at www.opsi.gov.uk...
942 ## - ADDED ENTRY ELEMENTS (KOHA)
Suppress in OPAC 0
Holdings
Withdrawn status Lost status Source of classification or shelving scheme Damaged status Not for loan Home library Current library Shelving location Date acquired Total Checkouts Full call number Barcode Date last seen Copy number Price effective from Koha item type
    Dewey Decimal Classification     Virtual Virtual Online 10/06/2008   ONLINE PUBLICATION 143971-2001 06/08/2019 1 06/08/2019 Book